00322nam a2200145Ia 45000030006000000050017000060080041000230400009000640410012000730820021000851000013001062450040001192600009001593000008001680Nust20170105110304.0161124s9999 xx 000 0 und d cIGIS aEnglish a371.2007451bPAK aPakistan aWeb GIS Principles and Applications c1999 a176